A magyar és angol búzafajták szemtermésének metabolizálható energiatartalma a baromfiak takarmányozásában

Elmentve itt :
Bibliográfiai részletek
Szerző: Hernádi Jordán
További közreműködők: Szűcsné Péter Judit (Témavezető)
Rose Paul (Témavezető)
Dokumentumtípus: Szakdolgozat
Megjelent: 1997
Kulcsszavak:Baromfitenyésztés
Takarmányozás
Energiatartalom
Magyarország
Nagy-Britannia
Tárgyszavak:
Online Access:http://diploma.bibl.u-szeged.hu/100150
LEADER 00942nta a2200277 i 4500
001 dipl100150
005 20211213080131.0
008 211129s1997 hu om 0|| hun d
040 |a SZTE Diploma Repozitórium  |b hun 
041 |a hun 
100 1 |a Hernádi Jordán 
245 1 2 |a A magyar és angol búzafajták szemtermésének metabolizálható energiatartalma a baromfiak takarmányozásában  |h [elektronikus dokumentum] /  |c Jordán Hernádi 
260 |c 1997 
300 |a 42 
650 4 |a Agrár 
650 4 |a Agricultural sciences 
650 4 |a Agriculture, forestry and fisheries 
650 4 |a Agriculture 
695 |a Baromfitenyésztés 
695 |a Takarmányozás 
695 |a Energiatartalom 
695 |a Magyarország 
695 |a Nagy-Britannia 
700 0 2 |a Szűcsné Péter Judit  |e ths 
700 0 2 |a Rose Paul  |e ths 
856 4 0 |u https://diploma.bibl.u-szeged.hu/id/eprint/100150/1/1997_hernadi_jordan.pdf  |z Dokumentum-elérés